Nuestros derechos como humanas /
Este documento se refiere a los derechos humanos de las mujeres. Contiene información sobre porqué a las mujeres les ha costado tanto el reconocimiento de sus derechos, los que han logrado, también en forma sencilla, se presenta el contenido de una serie de documentos donde se reconocen los derechos...
Uloženo v:
| Korporace: | , |
|---|---|
| Médium: | Neznámo |
| Jazyk: | Spanish |
| Vydáno: |
Costa Rica :
CMF,
1995
|
| Edice: | Colección Metodologías ; no. Conozcamos Nuestros Derechos ; no.
|
| Témata: | |
| Tagy: |
Přidat tag
Žádné tagy, Buďte první, kdo vytvoří štítek k tomuto záznamu!
|
MARC
| LEADER | 00000 a2200000 04500 | ||
|---|---|---|---|
| 001 | 41928 | ||
| 003 | cru CIDCACS/IIS | ||
| 005 | 20230619095928.0 | ||
| 008 | 050617s1995 cr spa d | ||
| 020 | |a 9968-742-20-1 | ||
| 022 | |a 9968-742-20-1 | ||
| 040 | |c CRAI/IIS | ||
| 090 | |a 04.02.01 C397n | ||
| 110 | |a Centro Nacional para el Desarrollo de la Mujer y la Familia | ||
| 245 | |a Nuestros derechos como humanas / |c Centro Nacional para el Desarrollo de la Mujer y la Familia | ||
| 260 | |a Costa Rica : |b CMF, |c 1995 | ||
| 300 | |a 22 páginas | ||
| 440 | |a Colección Metodologías ; no. |a Conozcamos Nuestros Derechos ; no. | ||
| 520 | |a Este documento se refiere a los derechos humanos de las mujeres. Contiene información sobre porqué a las mujeres les ha costado tanto el reconocimiento de sus derechos, los que han logrado, también en forma sencilla, se presenta el contenido de una serie de documentos donde se reconocen los derechos de las mujeres, y la obligación que tienen los gobiernos de tomar medidas para eliminar la discriminación de las mujeres. | ||
| 590 | |a MBA/OCTUBRE2014 | ||
| 650 | |a DERECHOS HUMANOS | ||
| 650 | |a DERECHOS DE LA MUJER | ||
| 650 | |a DISCRIMINACION BASADA EN EL GENERO | ||
| 650 | |a VIOLENCIA CONTRA LAS MUJERES | ||
| 650 | |a CAPACITACION | ||
| 650 | |a COSTA RICA | ||
| 710 | |a Fondo de Población de las Naciones Unidas (UNFPA) ; colaborador | ||
| 942 | |2 ddc |c LI |h 04.02.01 C397n |i 08711 |6 040201_C397N_08711 | ||
| 999 | |c 11610 |d 11610 | ||



